| 000 | 00762nam a22002177a 4500 | ||
|---|---|---|---|
| 003 | AR-BeUNQ | ||
| 005 | 20250505163348.0 | ||
| 008 | 250505b |||||||| |||| 00| 0 spa d | ||
| 040 |
_aAR-BeUNQ _cAR-BeUNQ _eaacr |
||
| 082 |
_221 _aE 863 CAS |
||
| 100 |
_aCasariego Córdoba, MArtin _caut. _d1962 |
||
| 245 |
_aPor el camino de Ulectra _cMartin Casariego Córdoba _hlibro |
||
| 250 | _a1a.ed | ||
| 260 |
_aBuenos Aires : _bAique, _c2012 |
||
| 300 |
_a176 p. ; _c24 cm |
||
| 500 | _aEn 2314 toeow los seres humanos están programados para morir a los setenta y cinco años. | ||
| 650 |
_2tell _aLiteratura juvenil |
||
| 651 |
_2unecot _aEspaña |
||
| 929 |
_aDONACION _bMinisterio ded Educación de la Nacion _c0 _d0 _e02/12/2021 _fPAT 0082724 _j58873 |
||
| 942 | _cLIB | ||
| 999 |
_c1260 _d1260 |
||